Исследование влияния механической активации прекурсоров на дисперсность ферритовых порошков; Неразрушающий контроль; Т. 1

Detalles Bibliográficos
Parent link:Неразрушающий контроль: сборник трудов VI Всероссийской научно-практической конференции "Неразрушающий контроль: электронное приборостроение, технологии, безопасность", Томск, 23-27 мая 2016 г./ Национальный исследовательский Томский политехнический университет (ТПУ).— , 2016
Т. 1.— 2016.— [4 с.]
Autor Principal: Яруллина А. Р.
Autor Corporativo: Национальный исследовательский Томский политехнический университет (ТПУ) Институт неразрушающего контроля (ИНК) Кафедра физических методов и приборов контроля качества (ФМПК)
Outros autores: Николаев Е. В. Евгений Владимирович (научный руководитель), Суржиков А. П. Анатолий Петрович
Summary:Заглавие с титульного экрана
Idioma:ruso
Publicado: 2016
Series:Современные системы и технологии в неразрушающем контроле
Subjects:
Acceso en liña:http://earchive.tpu.ru/handle/11683/32702
Formato: MixedMaterials Electrónico Capítulo de libro
KOHA link:https://koha.lib.tpu.ru/cgi-bin/koha/opac-detail.pl?biblionumber=620634

MARC

LEADER 00000naa2a2200000 4500
001 620634
005 20231225163822.0
035 |a (RuTPU)RU\TPU\conf\19137 
035 |a RU\TPU\conf\19136 
090 |a 620634 
100 |a 20161006d2016 k y0rusy50 ca 
101 0 |a rus 
102 |a RU 
105 |a y z 101zy 
135 |a drgn ---uucaa 
181 0 |a i  
182 0 |a b 
200 1 |a Исследование влияния механической активации прекурсоров на дисперсность ферритовых порошков  |f А. Р. Яруллина, Е. В. Николаев  |g науч. рук. А. П. Суржиков 
203 |a Текст  |c электронный 
225 1 |a Современные системы и технологии в неразрушающем контроле 
300 |a Заглавие с титульного экрана 
320 |a [Библиогр.: 3 назв.] 
461 1 |0 (RuTPU)RU\TPU\conf\19000  |t Неразрушающий контроль  |o сборник трудов VI Всероссийской научно-практической конференции "Неразрушающий контроль: электронное приборостроение, технологии, безопасность", Томск, 23-27 мая 2016 г.  |o в 3 т.  |f Национальный исследовательский Томский политехнический университет (ТПУ)  |d 2016 
463 1 |0 (RuTPU)RU\TPU\conf\19001  |t Т. 1  |v [4 с.]  |d 2016 
610 1 |a труды учёных ТПУ 
610 1 |a электронные ресурсы 
610 1 |a ферритовые порошки 
610 1 |a технологические операции 
610 1 |a механическая активация 
610 1 |a химические соединения 
610 1 |a оксид железа 
700 1 |a Яруллина  |b А. Р. 
701 1 |a Николаев  |b Е. В.  |c специалист в области электротехники  |c инженер Томского политехнического университета  |f 1989-  |g Евгений Владимирович  |3 (RuTPU)RU\TPU\pers\31309  |9 15487 
702 1 |a Суржиков  |b А. П.  |c физик  |c профессор Томского политехнического университета, доктор физико-математических наук  |f 1951-  |g Анатолий Петрович  |4 727 
712 0 2 |a Национальный исследовательский Томский политехнический университет (ТПУ)  |b Институт неразрушающего контроля (ИНК)  |b Кафедра физических методов и приборов контроля качества (ФМПК)  |3 (RuTPU)RU\TPU\col\18709 
801 2 |a RU  |b 63413507  |c 20161021  |g RCR 
856 4 |u http://earchive.tpu.ru/handle/11683/32702 
942 |c BK